Datum a čas kvízu
27.5
Celkem bodů
Celkový počet nahraných bodů na tomto kvízu bez doplňovacích otázek.
1.
Pořadí na kvízu
Konečné umístění týmu na tomto kvízu.
Zaznamenané odpovědi
| # | Otázka | Odpověď | Body | Výsledky |
|---|---|---|---|---|
| 1. | Centrum alternativní medicíny... | AKTIP | 0 | |
| 2. | Britská premiérka Mayová souhl... | 31. října | 0 | |
| 3. | Deset koncertů a dost! Jak se... | Spirituál kvintet | 0 | |
| 4. | Strakonická firma, specializuj... | Moira | 0 | |
| 5. | Bývalý kapitán reprezentace On... | ve volejbale | 1 | |
| 6. | V tomto tématu se podíváme na... | Všechno bude, Zelená kniha | 0.5 | |
| 5. | Road movie, v níž se dva bratř... | Charlie, Raymond | 1 | |
| 8. | Na komediální road movie Pařba... | Bangkok | 1 | |
| 5. | V českém prostředí jsou v dneš... | v Indii | 0 | |
| 10. | Jistou formou road movies jsou... | v Argentině | 0 |